De los orígenes de Roma a las invasiones bárbaras
محفوظ في:
| المؤلفون الرئيسيون: | , |
|---|---|
| التنسيق: | كتاب |
| اللغة: | الإسبانية |
| منشور في: |
Madrid
Akal
1988
|
| الطبعة: | 3a. ed |
| سلاسل: | Iniciación a la Historia
|
| الموضوعات: | |
| الوسوم: |
إضافة وسم
لا توجد وسوم, كن أول من يضع وسما على هذه التسجيلة!
|
MARC
| LEADER | 00000cam a2200000 a 4500 | ||
|---|---|---|---|
| 001 | UCD6943 | ||
| 003 | CL-VaPUC | ||
| 008 | 170303e19880000sp |||||||||||||||||spa|d | ||
| 020 | |a 8476001479 | ||
| 082 | 0 | 4 | |a 937.07 |b CHR |2 21 |
| 100 | 0 | |a Christol, Michel |e author |9 590835 | |
| 700 | 0 | |a Nony, Daniel |e author |9 590836 | |
| 245 | 1 | 0 | |a De los orígenes de Roma a las invasiones bárbaras |
| 250 | |a 3a. ed | ||
| 300 | |a 269 p | ||
| 942 | |c BK | ||
| 945 | |d 20170303 17:35:00 |a dcastane | ||
| 260 | |a Madrid |b Akal |c 1988 | ||
| 650 | 0 | |a Historia de Roma |9 315349 | |
| 650 | 7 | |a HISTORIA DE ROMA ANTIGUA |2 CL-VaPUC |9 541459 | |
| 650 | 0 | |a Historia antigua |9 267521 | |
| 583 | |a last modification |c 20170303 17:35:00 |k Rodrigo Vera | ||
| 490 | 0 | |a Iniciación a la Historia | |
| 999 | |c 367115 |d 367113 | ||
| 952 | |0 0 |1 0 |3 erb |4 0 |6 937_070000000000000_CHR_1988 |7 0 |8 A |9 481805 |a BIBHIS |b BIBHIS |i 5362458 |o 937.07 CHR 1988 |p 5362458 |r 2023-01-25 |w 2019-11-24 |y BK |z Catalogado en:20170303 |k HIS | ||
| 952 | |0 0 |1 0 |3 erb |4 0 |6 937_070000000000000_CHR_1988 |7 0 |8 A |9 481806 |a BIBHIS |b BIBHIS |i 5362466 |o 937.07 CHR 1988 |p 5362466 |r 2023-01-25 |w 2019-11-24 |y BK |z Catalogado en:20170303 |k HIS | ||